| 000 | 00583nam a2200193 a 4500 | ||
|---|---|---|---|
| 005 | 20240419064015.0 | ||
| 008 | 991125 1988 mx 000 0 spa u | ||
| 020 | _a9688133787 | ||
| 035 | _aUPN01000012381 | ||
| 049 | _aCG | ||
| 050 | 4 |
_aHD5331 _bO4.2 |
|
| 100 | 1 | _aOlvera, Soledad | |
| 245 | 1 | 0 |
_aCronología del movimiento obrero 1826-1938 / _cSoledad Olvera. |
| 260 |
_aMéxico : _bSTPS, _c1988. |
||
| 300 |
_a123 p. : _bil. |
||
| 650 | 2 |
_aMovimientos obreros _zMéxico _xHistoria _ySiglo XX _920478 |
|
| 650 | 4 |
_aTrabajo y trabajadores _zMéxico _xHistoria _910850 |
|
| 905 | _aLibro | ||
| 999 |
_c12381 _d12381 |
||